| 000 | 00452nam a22001577a 4500 | ||
|---|---|---|---|
| 999 |
_c40692 _d40692 |
||
| 003 | OSt | ||
| 005 | 20200606120116.0 | ||
| 008 | 191029b ||||| |||| 00| 0 eng d | ||
| 020 | _a 9789381610176 | ||
| 040 | _cMESKC library | ||
| 082 |
_a894.8273 _bRED/S |
||
| 100 |
_aReddy,JL _992 |
||
| 245 |
_aStri Mukti Ki Prathinidhi Telugu Kahaniyan/ _cJ L Reddy |
||
| 300 | _a158p | ||
| 942 |
_2ddc _cBK _h894.8273 _iRED/S _k894.8273 _mRED/S |
||